000 01313nam2a22002531 4500
001 rc\3374142
005 20250609222748.0
021 _aRU
_b[71-10127]
035 _a(NLR Aleph) 007531356
090 _a7756127
_c7756127
100 _a20130115d1971 |||y0rusy50 ca
101 0 _arus
102 _aRU
105 _aa z |||||
200 1 _aОбщие вопросы и средства управления
210 _d1971
_aБ. м.
215 _a368 с.
_cчерт.
320 _aБиблиогр. в конце докладов
461 0 _1001rc\3374141
_12001#$aАвтоматизированный электропривод в народном хозяйстве$eТруды V Всесоюз. конференции по автоматизир. электроприводу$fПод общ. ред. М.Г. Чиликина [и др.]. Т. 1-$vТ. 1
_97756124
_cМосква
_d1971-
_fПод общ. ред. М.Г. Чиликина [и др.]. Т. 1-
_nЭнергия
_oТруды V Всесоюз. конференции по автоматизир. электроприводу
_tАвтоматизированный электропривод в народном хозяйстве
_vТ. 1
801 0 _aRU
_bNLR
_gpsbo
801 1 _aRU
_bELAR
_2rusmarc
852 _aNLR
_j71-7/102
942 _cBOOK
980 _aNB